00889nam a2200205 i 450000100060000000300090000600500170001500700030003200800410003510000250007624500930010126000520019430000480024649000820029465000470037683000900042385200320051399900170054595201210056236510ES-MaACL20230906155402.0t|030218s1930 fr ||||1| fre d1 aBroussaud, A.93196414aLes carreaux de Faïence peints dans l'Afrique du Nord / cpar le General A. Broussaud. aParis : bLibrairie Plon, c1930 (fD. Jacomet) a17 p., 38 h. de lám. col. y n. ; c32 cm.1 a1830-1930. Collection du centenaire de l'Algérie. Archéologie et histoire 4aAzulejos-zÁfrica septentrional.91586420 a1830-1930. Collection du centenaire de l'Algérie. Archéologie et histoire9229593 aES-MaACLjF-15981 bR.20518 c36510d36510 00104070aATENEOMbATENEOMcSPP2d2008-01-17eSCl0oF-15981p1038357r2023-02-23 00:00:00w2023-02-23yMONOGRAFIA